| 000 | 00804nam a2200253 a 4500 | ||
|---|---|---|---|
| 001 | BRL_910 | ||
| 005 | 20190320210941.0 | ||
| 008 | 231013s1977----mx-a######---#000-0#spa-# | ||
| 041 | _aspa | ||
| 044 | _amx | ||
| 050 | 4 |
_aF1306.Z5 _b.L67 1977 |
|
| 100 | 1 |
_aLópez Lara, Ramón _925298 |
|
| 245 | 1 | 0 |
_aZinapecuaro _cRamon López Lara. |
| 260 |
_aMichoacán _bGobierno del Estado de Michoacán _c1977 |
||
| 300 |
_a192 p. _bil. _c22 cm. |
||
| 440 | 0 |
_aMonografías Municipales del Estado de Michoacán _925299 |
|
| 500 | _aAu1037 | ||
| 504 | _aBibliografía: p. 191-192 | ||
| 651 | 4 |
_aZinapecuaro (Michoacan) _xCondiciones económicas _925300 |
|
| 651 | 4 |
_aZinapecuaro (Michoacan) _xCondiciones sociales _925301 |
|
| 651 | 4 |
_aZinapecuaro (Michoacan) _xHistoria _925302 |
|
| 902 | _aGRL | ||
| 942 |
_2lcc _cB |
||
| 999 |
_c9722 _d9722 |
||